| 000 | 01174nam a2200289Ia 4500 | ||
|---|---|---|---|
| 001 | H9334 | ||
| 003 | IT-RoPAU | ||
| 008 | 130308s9999 xx 000 0 und d | ||
| 040 | _aIT-RoPAU | ||
| 040 | _cIT-RoPAU | ||
| 041 | _aITALIANO | ||
| 100 | _aPietrangeli Carlo | ||
| 100 | _gCodice Aut. SPICS: 59728 | ||
| 245 | _aMusei Capitolini | ||
| 245 | _bMusei Capitolini | ||
| 250 | _a5a ed. | ||
| 260 | _a ROMA | ||
| 260 | _bIstituto Grafico Tiberino | ||
| 260 | _c1964 [1° Ed.:0 - Ed.Ling.Originale:0] | ||
| 300 | _a"216 p. (prefazione: no ; testo: 216 [pagine: 0-0])" | ||
| 500 | _a"Guida Breve. Campidoglio nell'Antichità . Storia dei palazzi Capitolini. Storia del Museo. Piazza del Campidoglio. palazzo Nuovo: museo Capitolino. palazzo dei conservatori e palazzo Caffarelli: Sale dei Conservatori; museo del palazzo dei Conservatori; braccio Nuovo; museo Nuovo; pinacoteca ; Medagliere; Galleria Lapidaria. palazzo Senatorio: Protomoteca; Tempio di Veiove; Tabularium. Bibliografia. 32 tavole Esplicative in bianco e Nero." | ||
| 650 | _aSAGGI SULLE ARTI VISIVE | ||
| 650 | _eCodice materia Spics: 5011 | ||
| 942 | _cBK | ||
| 957 | _71 | ||
| 999 |
_c90855 _d90855 |
||
| 999 | _g1 | ||